00347nam a2200133Ia 450000500170000000800410001702000170005804000090007508200170008410000170010124500430011826000320016130000200019320240522101543.0210805s9999 xx 000 0 und d a0-749662530" c3228 aJ 910.4 HEWI aHEWITT SALLY 0aMAPS, ROADS AND TRAVEL: I KNOW THE WAY aLondonbAladdin Booksc2015 a32 pagesc24 cm